| 000 | 00474nam a2200181Ia 4500 | ||
|---|---|---|---|
| 008 | 140626s9999 xx 000 0 und d | ||
| 100 | _aHancock, PA. | ||
| 245 |
_aOn the left hand of time / _cPA Hancock ... [et al.]. |
||
| 260 | _cc2012. | ||
| 300 | _a125 : 2, page 177 | ||
| 440 | _aThe American Journal of Psychology | ||
| 521 | _aPSYCH | ||
| 650 | _aLeft handedness. | ||
| 650 | _aPsychology. | ||
| 650 | _aRight handedness. | ||
| 650 | _aTime. | ||
| 942 | _cSE | ||
| 999 |
_c121346 _d121346 |
||